Contracts and the rights of third parties: business concerns (Record no. 76230)
[ view plain ]
| 000 -LEADER | |
|---|---|
| fixed length control field | 01620cab a2200241 4500 |
| 001 - CONTROL NUMBER | |
| control field | ##L131662 |
| 008 - FIXED-LENGTH DATA ELEMENTS--GENERAL INFORMATION | |
| fixed length control field | 051128n2005 000 0 eng u |
| 035 ## - SYSTEM CONTROL NUMBER | |
| System control number | (Sirsi) u131662 |
| 041 0# - LANGUAGE CODE | |
| Language code of text/sound track or separate title | eng |
| 100 1# - MAIN ENTRY--PERSONAL NAME | |
| Personal name | Eyles, Keith |
| 245 00 - TITLE STATEMENT | |
| Title | Contracts and the rights of third parties: business concerns |
| 260 3# - PUBLICATION, DISTRIBUTION, ETC. | |
| Date of publication, distribution, etc. | 2005 |
| 490 #0 - SERIES STATEMENT | |
| Series statement | Advising Business: Law and Practice |
| Volume/sequential designation | 4(8) 2005, 11-15 (5) |
| 520 ## - SUMMARY, ETC. | |
| Summary, etc. | Highlights the key issues raised by the implementation of the Contracts (Rights of Third Parties) Act 1999, legislation that is capable of affecting most areas of contract law, and discusses the case law in this context. Although the Act came into effect in 2000 its impact may become increasingly relevant to business representatives and their advisors. Provides the background to the Act and outlines the main provisions and their practical effects. Looks at variation of a contract and some commercial issues. Examines the main judgments considering the Act and reviews points arising from the case law in respect of indemnities and benefits. Concludes that business representatives particularly in the small business sector should ensure that their contracts are not affected by the Act in any way detrimental to their business. |
| 590 ## - LOCAL NOTE (RLIN) | |
| Local note | IKA061205 |
| 650 24 - SUBJECT ADDED ENTRY--TOPICAL TERM | |
| Topical term or geographic name entry element | CONTRACTS (RIGHTS OF THIRD PARTIES) ACT 1999 |
| 650 24 - SUBJECT ADDED ENTRY--TOPICAL TERM | |
| Topical term or geographic name entry element | PRENN V SIMMONDS |
| 650 24 - SUBJECT ADDED ENTRY--TOPICAL TERM | |
| Topical term or geographic name entry element | NISSHIN SHIPPING CO LTD V CLEAVES AND CO LTD |
| 650 24 - SUBJECT ADDED ENTRY--TOPICAL TERM | |
| Topical term or geographic name entry element | LES AFFRETEURS REUNIS V LEOPOLD WALFORD |
| 650 24 - SUBJECT ADDED ENTRY--TOPICAL TERM | |
| Topical term or geographic name entry element | LAEMTHONG INTERNATIONAL LINES CO LTD V ABDULLAH |
| 690 ## - LOCAL SUBJECT ADDED ENTRY--TOPICAL TERM (OCLC, RLIN) | |
| Topical term or geographic name as entry element | MANAGEMENT-BUSINESS MANAGEMENT-PROFESSIONAL PRACTICE |
| 942 ## - ADDED ENTRY ELEMENTS (KOHA) | |
| Suppress in OPAC | 0 |
| Withdrawn status | Lost status | Source of classification or shelving scheme | Damaged status | Not for loan | Home library | Current library | Shelving location | Date acquired | Total Checkouts | Full call number | Barcode | Date last seen | Copy number | Price effective from | Koha item type |
|---|---|---|---|---|---|---|---|---|---|---|---|---|---|---|---|
| Dewey Decimal Classification | London | London | Journal article | 28/11/2005 | L131662 | 131662-1001 | 06/08/2019 | 1 | 06/08/2019 | Journal article |